Loading...
Stochastic interest rate
| Main Author: | |
|---|---|
| Other Authors: | |
| Format: | Printed Book |
| Published: |
Cambridge
CUP
2015
|
| Subjects: |
| LEADER | 00496nam a22001577a 4500 | ||
|---|---|---|---|
| 020 | |a 9780521175692 | ||
| 082 | |a 519.23 |b MCI/S | ||
| 100 | |a Mcinerney, Daragh | ||
| 245 | |a Stochastic interest rate | ||
| 260 | |a Cambridge |b CUP |c 2015 | ||
| 300 | |a 160p. | ||
| 650 | |a Stochastics process | ||
| 700 | |a Zastawniak, Tomasz | ||
| 942 | |c BK | ||
| 999 | |c 43319 |d 43319 | ||
| 952 | |0 0 |1 0 |4 0 |6 519_230000000000000_MCIS |7 0 |8 Stack |9 47262 |a KUCL |b KUCL |c Stack |d 2017-03-01 |g 24.99 |l 0 |o 519.23 MCI/S |p 44159 |r 2017-03-01 |w 2017-03-01 |y BK | ||